000 00684nam a2200193 i 4500
001 40492
003 ES-MaACL
005 20240527195139.0
007 t|
008 030306s1969 sp ||||1| spa d
100 1 _aCaro Baroja, Julio,
_d1914-1995
_935403
245 1 3 _aLa hora navarra del XVIII /
_cJulio Caro Baroja.
260 _aPamplona :
_bDiputación Foral de Navarra :
_bInstitución Principe de Viana,
_c[1969]
300 _a493 p., 20 lám., 1 map. pleg. ;
_c22 cm.
710 1 _aNavarra (Comunidad Autónoma).
_bDiputación Foral.
_95984
710 2 _aInstitución Príncipe de Viana
_94730
852 _aES-MaACL
_jC-15067
_bR.71580
999 _c40492
_d40492